Geografická analýza organizačného postavenia priemyselných prevádzok: príklad východného Slovenska
Organizačné a prevádzkové postavenie priemyselných prevádzok včlenených do multiprevádzkových a multiregionálnych podnikov. Nová priestorová deľba práce. Na väčšej časti Východoslovenského kraja zanechala výrazné stopy socialistická industrializácia. Nový prvok v priemyselnom systéme - spoločné prie...
Saved in:
| Main Author: | |
|---|---|
| Format: | Book Chapter |
| Language: | Slovak |
| Subjects: | |
| Tags: |
No Tags, Be the first to tag this record!
|
MARC
| LEADER | 00000naa a2200000 4500 | ||
|---|---|---|---|
| 001 | r017325 | ||
| 005 | 20221213122815.5 | ||
| 041 | 0 | |a slo | |
| 044 | |a SK | ||
| 245 | 1 | 0 | |a Geografická analýza organizačného postavenia priemyselných prevádzok: príklad východného Slovenska |c V. Székely |
| 520 | |a Organizačné a prevádzkové postavenie priemyselných prevádzok včlenených do multiprevádzkových a multiregionálnych podnikov. Nová priestorová deľba práce. Na väčšej časti Východoslovenského kraja zanechala výrazné stopy socialistická industrializácia. Nový prvok v priemyselnom systéme - spoločné priemyselné podniky so zahraničnou kapitálovou účasťou. Stanovenie optimálneho variantu prísunu kapitálu zo zahraničia. | ||
| 610 | 2 | 0 | |a podnik priemyselný |
| 610 | 2 | 0 | |a východné Slovensko |
| 610 | 2 | 0 | |a industrializácia |
| 610 | 2 | 0 | |a regióny |
| 610 | 2 | 0 | |a politika regionálna |
| 610 | 2 | 0 | |a rozvoj regionálny |
| 610 | 2 | 0 | |a zamestnanosť |
| 100 | 1 | |a Székely, Vladimír | |